Type the sentences - Statistics

General Stats
  • This quiz has been taken 25 times
  • The average score is 5 of 5
Answer Stats
Sentence Answer % Correct
Can you play with me tomorrow? Can you play with me tomorrow?
100%
Come on brother, give me my phone. Come on brother, give me my phone.
100%
I am so stressed because my job is so hard. I am so stressed because my job is so hard.
100%
Letter E is one of the most common letters in English. Letter E is one of the most common letters in English.
100%
My boyfriend cheated on me for no reason. My boyfriend cheated on me for no reason.
100%
My dream is to go to Indonesia. My dream is to go to Indonesia.
100%
Sorry, I am very sick. Sorry, I am very sick.
100%
Yesterday, I went to the park with my best friend. Yesterday, I went to the park with my best friend.
100%
Excuse me ma'am, you dropped your bag. Excuse me ma'am, you dropped your bag.
91%
Oh no, I broke the vase! Oh no, I broke the vase!
90%
No matching quizzes found
Score Distribution
Percent of People with Each Score
Percentile by Number Answered
Your Score History
You have not taken this quiz